[Event "BL2-N9293"]
[Site "Germany"]
[Date "1993.??.??"]
[Round "?"]
[White "Stolz, Mike"]
[Black "Giemsa, Stephan"]
[Result "1/2-1/2"]
[WhiteElo "2375"]
[BlackElo "2270"]

1.e4 e6 2.d4 d5 3.Nd2 a6 4.Ngf3 c5 5.exd5 exd5 6.Be2 Nf6 7.O-O Be7 8.dxc5 Bxc5
9.Nb3 Ba7 10.Bg5 O-O 11.c3 Re8 12.Nfd4 Qd6 13.Bf3 Ne4 14.Re1 Nc6 15.Bh4 Nxd4
16.Nxd4 Bd7 17.Bg3 Nxg3 18.hxg3 Rxe1+ 19.Qxe1 Re8 20.Qd2 g6 21.Rd1 Ba4 22.b3 Bc6
23.Ne2 Rd8 24.c4 d4 25.Nf4 Bxf3 26.gxf3 Re8 27.Kg2 h5 28.Re1 Rxe1 29.Qxe1 Kg7
30.b4 d3 31.Qc3+ Kh7 32.Nd5 b5 33.Qxd3 bxc4 34.Qxc4 Bb8 35.Qd4 Qe5 36.Qxe5 Bxe5
37.f4 Bb8 38.Nf6+ Kg7 39.Nd7 Bd6 40.a3 f5 41.Nb6 Kf7 42.Nc4 Be7 43.Ne5+ Kf6
44.Kf3 Bd6 45.Nc4 Bb8 46.Ne3 Ke6 47.Ke2 h4 48.gxh4 Bxf4 49.Kd3 Bc7 50.a4 Bd8
51.Ng2 Ke5 52.f3 Kd6 53.Nf4 Bxh4 54.Nxg6 Be1 55.Kc4 Bd2 56.b5 axb5+ 57.axb5 Be3
58.Kb4 Bb6 59.Nf8 Bg1 60.Kc4 Ke5 61.Ng6+ Kd6 62.Nf4 Ke5 63.Nd3+ Kd6 64.Kb4 Bb6
65.Nb2 Kd5 66.Nc4 Bc5+ 67.Kc3 Bg1 68.Kb4 Bc5+ 69.Kc3 Bg1 70.Kd3 Kc5 71.b6 Kc6
72.Kc3 Bf2 73.Kb4 Bxb6 74.Nxb6 Kxb6 75.Kc4 Kc6 76.Kd4 Kd6 77.f4 Ke7 78.Ke5 Kf8  1/2-1/2

[Event "BL2-W9293"]
[Site "Germany"]
[Date "1993.??.??"]
[Round "?"]
[White "Timpel, Klaus"]
[Black "Wintzer, Joachim"]
[Result "1-0"]
[WhiteElo "2290"]
[BlackElo "2305"]

1.e4 e6 2.d4 d5 3.Nd2 a6 4.c3 c5 5.Ngf3 cxd4 6.Nxd4 dxe4 7.Nxe4 e5 8.Qe2 Be7
9.Nf3 Nc6 10.Ned2 Nf6 11.Nxe5 Nxe5 12.Qxe5 O-O 13.Be2 Re8 14.Nc4 b5 15.Ne3 Bb7
16.Qf5 Ne4 17.O-O Bd6 18.Rd1 Qc7 19.Qh3 Bc5 20.Qd7 Qb6 21.b4 Bf8 22.Qh3 Nxc3
23.Bd3 Be4 24.Bxe4 Rxe4 25.Rd7 Ne2+ 26.Kf1 Nxc1 27.Rxc1 Bxb4 28.Rxf7 Rae8
29.Rcc7 Be7 30.Nd5 Qd6 31.Qf5 Re5 32.Rfxe7 R8xe7 33.Nxe7+ Rxe7 34.Rc8+  1-0

[Event "Oberliga Nord N9394"]
[Site "Germany"]
[Date "1993.??.??"]
[Round "?"]
[White "Blauert, Joerg"]
[Black "Kleeschaetzky, Rainer"]
[Result "1-0"]
[WhiteElo "2400"]
[BlackElo "2285"]

1.e4 e6 2.d4 d5 3.Nd2 Nc6 4.c3 e5 5.exd5 Qxd5 6.Ngf3 exd4 7.Bc4 Qh5 8.cxd4 Nf6
9.O-O Be7 10.Re1 O-O 11.h3 Bd6 12.Nf1 h6 13.Ng3 Qa5 14.a3 Ne7 15.b4 Qb6 16.Ne5 c6
17.Nh5 Nfd5 18.Nxg7 Kxg7 19.Qh5 Ng8 20.Bxh6+ Nxh6 21.Qg5+  1-0

[Event "GER op"]
[Site "Germany"]
[Date "1993.??.??"]
[Round "9"]
[White "Schurade, Matthias"]
[Black "Kleeschaetzky, Rainer"]
[Result "1/2-1/2"]
[WhiteElo "2370"]
[BlackElo "2285"]

1.e4 e6 2.d4 d5 3.Nd2 Nc6 4.Ngf3 Nf6 5.e5 Nd7 6.Bb5 a6 7.Bxc6 bxc6 8.O-O c5
9.c3 cxd4 10.cxd4 c5 11.Re1 Qb6 12.Nf1 h6 13.b3 a5 14.Ba3 Ba6 15.Ng3 Be7
16.Nh5 O-O 17.h3 a4 18.Rb1 Rab8 19.Ra1 Ra8 20.Rb1 Rab8 21.Ra1 Ra8 22.Nh2 axb3
23.axb3 Bb5 24.Kh1 Kh8 25.Kg1 Kg8 26.Kh1 Kh8 27.Kg1 Kg8 28.Kh1 Kh8 29.Kg1 Kg8
30.Kh1 Kh7 31.Kg1 Kh8 32.Kh1 Kg8 33.Kg1 Kh7 34.Kh1 Kh8 35.Kg1 Kg8 36.Ng4 Kh7
37.Nh2 Rac8 38.Ng4 Ra8 39.Nh2 Kg8 40.Ng4 Kh7 41.Qd2 Bg5 42.Qc2+ g6 43.dxc5 Qc6
44.Nhf6+ Nxf6 45.Nxf6+ Kg7 46.Bb2 Rxa1 47.Rxa1 Ra8 48.g3 Rxa1+ 49.Bxa1 Bxf6
50.exf6+ Kh7 51.h4  1/2-1/2

[Event "Gladsaxe"]
[Site "Gladsaxe"]
[Date "1993.??.??"]
[Round "4"]
[White "Schandorff, Lars"]
[Black "Bjerring, Kai"]
[Result "1-0"]
[WhiteElo "2435"]
[BlackElo "2360"]

1.e4 e6 2.d4 d5 3.Nd2 Be7 4.Ngf3 Nf6 5.Bd3 c5 6.exd5 exd5 7.dxc5 Bxc5 8.Nb3 Be7
9.O-O O-O 10.Nbd4 Bg4 11.c3 Nbd7 12.Qc2 Nc5 13.Ne5 Bh5 14.Re1 Bg6 15.Nxg6 hxg6
16.Bg5 Nxd3 17.Qxd3 Bc5 18.Re2 Re8 19.Rae1 Qd7 20.Bxf6 gxf6 21.Qb5 Qxb5 22.Nxb5 Rxe2
23.Rxe2 Rd8 24.Rd2 Bb6 25.Kf1 a6 26.Nd4 Kf8 27.Nc2 Ke7 28.Nb4 Ke6 29.h3 f5
30.g3 Bc5 31.Nd3 Bd6 32.Kg2 b5 33.Ne1 Bc5 34.Nc2 Kd6 35.Kf3 Ke6 36.h4 Ke7
37.Ne3 Bxe3 38.Kxe3 Kd6 39.Kd3 Re8 40.Re2 Re5 41.Rxe5 Kxe5 42.b3 a5 43.a4 bxa4
44.bxa4 f6 45.Ke3 Kd6 46.Kd4 Ke6 47.Kc5 Ke5 48.Kb5  1-0

[Event "Gran Canaria op"]
[Site "Gran Canaria"]
[Date "1993.??.??"]
[Round "5"]
[White "Tseshkovsky, Vitaly"]
[Black "Ward, Christopher"]
[Result "1-0"]
[WhiteElo "2540"]
[BlackElo "2430"]

1.e4 e6 2.d4 d5 3.Nd2 Be7 4.Ngf3 Nf6 5.e5 Nfd7 6.Bd3 c5 7.c3 Nc6 8.O-O Qb6
9.dxc5 Qc7 10.Re1 Ndxe5 11.Nxe5 Nxe5 12.Qa4+ Nc6 13.Nf3 Bd7 14.Bf4 Qa5 15.Qxa5 Nxa5
16.b4 Nc6 17.Rab1 f6 18.c4 dxc4 19.Bxc4 e5 20.Be3 Bf5 21.Rb2 O-O-O 22.b5 Na5
23.Bf1 Bd3 24.Rc1 Bxf1 25.Kxf1 Rd3 26.Bd2 Ra3 27.Bb4 Ra4 28.a3 Re8 29.Nd2 f5
30.Nb1 Kb8 31.Nc3 Rxb4 32.axb4 Nc4 33.Re2 Bg5 34.Rd1 e4 35.g3 Ne5 36.b6 axb6
37.cxb6 Nc4 38.Na4 e3 39.Rd4 Rc8 40.Nc5 Nd2+ 41.Kg2  1-0

[Event "Hallsberg opJ"]
[Site "Hallsberg"]
[Date "1993.??.??"]
[Round "?"]
[White "Nouro, Mikael"]
[Black "Krogh, Carsten"]
[Result "1-0"]
[WhiteElo "2215"]
[BlackElo "2330"]

1.e4 e6 2.d4 d5 3.Nd2 Nc6 4.Ngf3 Nf6 5.e5 Nd7 6.c3 f6 7.exf6 Qxf6 8.Bd3 Bd6
9.O-O e5 10.c4 O-O 11.cxd5 Nxd4 12.Nxd4 exd4 13.Ne4 Qe5 14.Nxd6 cxd6 15.b3 Kh8
16.Bb2 Nf6 17.Be2 Nxd5 18.Qxd4 Qxd4 19.Bxd4 Nf4 20.Bf3 Bd7 21.Rfe1 Ne6 22.Rad1 Rae8
23.Bxa7 Bc6 24.Bxc6 bxc6 25.Rxd6 Nd4 26.Rxe8 Rxe8 27.g3 Nb5 28.Rd7 h6 29.Bd4 Nxd4
30.Rxd4 Re2 31.Ra4 Kg8 32.Ra7 c5 33.Ra4 Kf7 34.Rc4 Re5 35.a4 Ke6 36.a5 Re1+
37.Kg2 Rb1 38.Rxc5 Rxb3 39.Rc6+ Kf5 40.a6 Ra3 41.Rc7 g5 42.a7 h5 43.h3 g4
44.h4 Kf6 45.Kf1 Ra2 46.Ke1 Ke5 47.Rh7 Ke4 48.Rxh5 Kf3 49.Rf5+ Kg2 50.Rf7 Kh3
51.h5 Ra1+ 52.Kd2 Ra2+ 53.Kc3 Rxf2 54.Rxf2  1-0

[Event "Wichern op"]
[Site "Hamburg"]
[Date "1993.??.??"]
[Round "3"]
[White "Wahls, Matthias"]
[Black "Sawadkuhi, Massoud Amir"]
[Result "1-0"]
[WhiteElo "2480"]
[BlackElo "2270"]

1.e4 e6 2.d4 d5 3.Nd2 Nc6 4.c3 Nh6 5.Ngf3 Be7 6.Bd3 f5 7.exd5 exd5 8.Nf1 Nf7
9.Ne3 g6 10.Qb3 O-O 11.Qxd5 Qe8 12.O-O b6 13.Re1 Rb8 14.b4 Nd8 15.Qb3 Bb7
16.Nd5  1-0

[Event "Horni Becva op"]
[Site "Horni Becva"]
[Date "1993.??.??"]
[Round "6"]
[White "Chytilek, Roman"]
[Black "Dubinka, Inna"]
[Result "1-0"]
[WhiteElo "2265"]
[BlackElo "2140"]

1.e4 e6 2.d4 d5 3.Nd2 a6 4.e5 c5 5.c3 Nc6 6.Ngf3 cxd4 7.cxd4 f6 8.Bd3 Qc7
9.O-O fxe5 10.dxe5 Nxe5 11.Nxe5 Qxe5 12.Re1 Qc7 13.Qh5+ Kd8 14.Nf3 Nf6 15.Qh4 Bd6
16.Bg5 Rf8 17.Bxh7 e5 18.Rac1 Qe7 19.Bg6 Bd7 20.Be3 Bg4 21.Nxe5 Bxe5 22.Bc5  1-0

[Event "Isle of Man op"]
[Site "Isle of Man"]
[Date "1993.??.??"]
[Round "?"]
[White "Emms, John M"]
[Black "Crouch, Colin S"]
[Result "1-0"]
[WhiteElo "2450"]
[BlackElo "2415"]

1.e4 e6 2.d4 d5 3.Nd2 Nc6 4.c3 dxe4 5.Nxe4 Qd5 6.Nd2 e5 7.Ngf3 exd4 8.Bc4 Qf5
9.Nxd4 Nxd4 10.cxd4 Bd7 11.O-O O-O-O 12.Qb3 Nh6 13.Nf3 Bd6 14.Re1 Rdf8 15.Bxh6 gxh6
16.Ne5 Be8 17.Re3 Rhg8 18.Rf3 Qh5 19.Bd5 b6 20.Re1 Bxe5 21.dxe5 Qg5 22.g3 Qe7
23.Qd3 c6 24.Be4 Rg5 25.Bf5+ Kb7 26.Qd6 Qxd6 27.exd6 f6 28.Re7+ Kb8 29.h4  1-0

[Event "Isle of Man op"]
[Site "Isle of Man"]
[Date "1993.??.??"]
[Round "?"]
[White "Howell, James C"]
[Black "Crouch, Colin S"]
[Result "0-1"]
[WhiteElo "2470"]
[BlackElo "2415"]

1.e4 e6 2.d4 d5 3.Nd2 Nc6 4.Ngf3 Nf6 5.e5 Nd7 6.Be2 f6 7.exf6 Qxf6 8.Nf1 Bd6
9.Ne3 h6 10.O-O Qf7 11.c4 dxc4 12.Bxc4 Nb6 13.Bb3 O-O 14.Qd3 Qh5 15.Re1 Nb4
16.Qd1 Rxf3 17.Qxf3 Qxh2+ 18.Kf1 Bd7 19.Ke2 Rf8 20.Qg4 Bb5+ 21.Kd1 Nd3 22.Qxe6+ Kh8
23.Bd2 Nxf2+ 24.Kc1 Nd3+ 25.Kc2 Bd7 26.Qe4 Nf2 27.Qxb7 Qh5 28.Kb1 Qb5 29.Bc2 Nd3
30.Nd1 Nc4 31.Bxd3 Nxd2+  0-1

[Event "Jyvaskyla op"]
[Site "Jyvaskyla"]
[Date "1993.??.??"]
[Round "5"]
[White "Soppela, Jouni"]
[Black "Naumkin, Igor"]
[Result "1/2-1/2"]
[WhiteElo "2245"]
[BlackElo "2450"]

1.e4 e6 2.d4 d5 3.Nd2 Nc6 4.c3 e5 5.exd5 Qxd5 6.dxe5 Nxe5 7.Ngf3 Bg4 8.Qa4+ Bd7
9.Qb3 Nxf3+ 10.Nxf3 Qe4+ 11.Be2 Be7 12.Be3 Be6 13.Qb5+ Bd7 14.Qe5 Rd8  1/2-1/2

[Event "Ljubljana op"]
[Site "Ljubljana"]
[Date "1993.??.??"]
[Round "?"]
[White "Zugaj, Fjodor"]
[Black "Truta, Srecko"]
[Result "1-0"]
[WhiteElo "2205"]
[BlackElo "2270"]

1.e4 e6 2.d4 d5 3.Nd2 a6 4.c3 c5 5.dxc5 Bxc5 6.Nb3 Ba7 7.exd5 exd5 8.Nf3 Nc6
9.Bd3 Nge7 10.O-O O-O 11.Nbd4 Qd6 12.h3 Bd7 13.Re1 h6 14.Be3 Bb8 15.Nb3 Re8
16.Qd2 Bc7 17.Nc5 Bc8 18.Rad1 b6 19.Nb3 Bd7 20.c4 Qf6 21.Bc2 Bxh3 22.cxd5 Rad8
23.Qc3 Ne5 24.Qxc7 Nxd5 25.Qxe5 Rxe5 26.Nxe5 Qxe5 27.gxh3 Rc8 28.Nd4 g6 29.Bb3 Qh5
30.Kg2 b5 31.Nf3 Nf6 32.Bd4 Nh7 33.Re5 g5 34.Rde1 Nf8 35.Rf5 Rc7 36.Ne5 Ng6
37.Nxg6  1-0

[Event "London Lloyds"]
[Site "London"]
[Date "1993.??.??"]
[Round "6"]
[White "Hodgson, Julian M"]
[Black "Naumkin, Igor"]
[Result "1/2-1/2"]
[WhiteElo "2625"]
[BlackElo "2450"]

1.e4 e6 2.d4 d5 3.Nd2 Nc6 4.Ngf3 Nf6 5.e5 Nd7 6.g3 f6 7.Qe2 fxe5 8.dxe5 Be7
9.Nb3 O-O 10.Bh3 Nc5 11.Nbd4 Qe8 12.O-O a5 13.Re1 Qh5 14.Bg2 Nxd4 15.Nxd4 Qxe2
16.Rxe2 Bd7 17.Bh3 Ra6 18.a4 Rb6 19.b3 Ne4 20.Bb2 c5 21.Nb5 Be8 22.f4 Bh5
23.Ree1 Nd2 24.Rec1 c4 25.Nd6 Bxd6 26.Bxe6+ Bf7 27.Bxf7+ Rxf7 28.exd6 Rxd6
29.Rd1 Ne4 30.bxc4 dxc4 31.Rxd6 Nxd6 32.Rd1 Ne4 33.Rd8+ Rf8 34.Rxf8+ Kxf8
35.Kg2 Kf7 36.Bd4 Ke6 37.Bb6 Nc3 38.Bxa5 Nxa4 39.Kf3  1/2-1/2

[Event "Lyon op"]
[Site "Lyon"]
[Date "1993.??.??"]
[Round "9"]
[White "Safranska, Anda"]
[Black "Mohr, Georg"]
[Result "1/2-1/2"]
[WhiteElo "2240"]
[BlackElo "2435"]

1.e4 e6 2.d4 d5 3.Nd2 Nc6 4.Ngf3 Nf6 5.e5 Nd7 6.Be2 Be7 7.Nf1 O-O 8.c3 f6
9.exf6 Nxf6 10.Ng3 Bd6 11.O-O e5 12.dxe5 Nxe5 13.Nxe5 Bxe5 14.Be3 c6 15.Bc5 Re8
16.Bf3 Bd7 17.Re1 Qc7 18.Bd4 c5 19.Bxe5 Rxe5 20.Rxe5 Qxe5 21.Qe2 Re8 22.Qxe5 Rxe5
23.Rd1 Kf7  1/2-1/2

[Event "Mar del Plata op"]
[Site "Mar del Plata"]
[Date "1993.??.??"]
[Round "8"]
[White "Quiroga, Facundo"]
[Black "Playa, Marcelo"]
[Result "1-0"]
[WhiteElo "2265"]
[BlackElo "2395"]

1.d4 e6 2.e4 d5 3.Nd2 a6 4.Bd3 c5 5.dxc5 Bxc5 6.Ngf3 Nc6 7.O-O Nf6 8.a3 Qc7
9.Qe2 Ba7 10.g3 O-O 11.c4 dxe4 12.Nxe4 Nxe4 13.Bxe4 e5 14.c5 f5 15.Bd5+ Kh8
16.b4 f4 17.Bb2 Bg4 18.Qc4 Rae8 19.Ng5 Re7 20.f3 Bc8 21.g4 h6 22.Ne4 Nd8
23.Kh1 Ne6 24.Nd6 Nd4 25.Rae1 Rf6 26.Bxd4 exd4 27.Rxe7 Qxe7 28.Nxc8  1-0

[Event "Martinez Valle op2"]
[Site "Martinez Valle"]
[Date "1993.??.??"]
[Round "7"]
[White "Rios, A."]
[Black "Rivero, J."]
[Result "1-0"]
[WhiteElo "2335"]
[BlackElo "2230"]

1.e4 e6 2.d4 d5 3.Nd2 Nc6 4.c3 Nf6 5.e5 Nd7 6.f4 b6 7.Bd3 Bb7 8.Ngf3 g6 9.O-O Ncb8
10.g4 c5 11.Ng5 Be7 12.Nxf7  1-0

[Event "Munich op9293"]
[Site "Munich"]
[Date "1993.??.??"]
[Round "4"]
[White "Womacka, Mathias"]
[Black "Ehrke, Anja"]
[Result "1-0"]
[WhiteElo "2445"]
[BlackElo "2200"]

1.e4 e6 2.d4 d5 3.Nd2 Nc6 4.Ngf3 Nf6 5.e5 Nd7 6.Be2 f6 7.exf6 Qxf6 8.Nf1 Bd6
9.Ne3 O-O 10.O-O Qg6 11.g3 Nf6 12.Nh4 Qe8 13.f4 Bd7 14.Ng4 Ne4 15.c3 Ne7
16.a4 c5 17.Ne5 cxd4 18.cxd4 Bxe5 19.dxe5 b5 20.a5 b4 21.Nf3 Nf5 22.Kg2 Bb5
23.Bxb5 Qxb5 24.g4 Ne7 25.Nd4 Qd7 26.Qa4 Qc8 27.Be3 Qc4 28.Qb5 Qxb5 29.Nxb5 Rfc8
30.Rfc1 Nc6 31.Nd6 Nxd6 32.exd6 Kf7 33.d7 Rc7 34.Bd4 Ke7 35.Be5 Kxd7 36.Bxc7 Kxc7
37.Rc5 Kd6 38.Rac1 Rc8 39.a6 Rc7 40.Kg3 g6 41.Rb5 h6 42.Rb7 Kd7 43.Rc5 Kd6
44.Rxc7 Kxc5 45.Rg7 Kc4 46.Rxg6 Kb3 47.Rxe6 Nb8 48.g5 hxg5 49.fxg5  1-0

[Event "Nis op"]
[Site "Nis"]
[Date "1993.??.??"]
[Round "?"]
[White "Marjanovic, Slavoljub"]
[Black "Certic, Branimir"]
[Result "1/2-1/2"]
[WhiteElo "2445"]
[BlackElo "2395"]

1.e4 e6 2.d4 d5 3.Nd2 Nc6 4.Ngf3 Nf6 5.e5 Nd7 6.Be2 Be7 7.Nf1 O-O 8.a3 f6
9.exf6 Nxf6 10.Bb5 Bd6 11.Ng3 Ne7 12.Bd3 Nf5 13.c4 b6 14.Qc2 Qe7 15.Bg5 h6
16.Bd2 c5 17.dxc5 Bxc5 18.O-O Nxg3 19.hxg3 e5 20.cxd5 e4 21.Bc4 Qe8 22.Nh2 Kh8
23.Rae1 Bf5 24.Be3 Rc8 25.Ba6 Rc7 26.b4 Bd6 27.Qb3 Qf7 28.Rd1 Rd8 29.Rd2 Bh7
30.Rfd1 Bg8 31.Qa2 Qh5 32.Be2 Qf5 33.Qb1 Nxd5 34.Bd4 Be5 35.Bxe5 Qxe5 36.Qb2 Qxb2
37.Rxb2 Re8 38.Nf1 Nc3 39.Re1 Rd8 40.Bg4 Re7 41.Ne3 Rd3 42.Rc1 Na4 43.Re2 g6
44.Rc8 h5 45.Bh3 Rc3 46.Rc2 Rxc2 47.Nxc2 Kg7 48.Nd4 Bd5 49.g4 hxg4 50.Bxg4 Kf6
51.Nc2 Bb7  1/2-1/2

[Event "WchT U26"]
[Site "Paranana"]
[Date "1993.??.??"]
[Round "?"]
[White "Estrada Nieto, Julian"]
[Black "Parcerias, Pedro"]
[Result "1-0"]
[WhiteElo "2230"]
[BlackElo "2270"]

1.e4 e6 2.d4 d5 3.Nd2 Nc6 4.Ngf3 Nf6 5.e5 Nd7 6.Bb5 a6 7.Bxc6 bxc6 8.Nb3 a5
9.a4 Bb4+ 10.Bd2 f6 11.exf6 Qxf6 12.Bxb4 axb4 13.O-O O-O 14.Re1 Bb7 15.Qd2 c5
16.Nxc5 Nxc5 17.dxc5 d4 18.Ne5 Bd5 19.f3 Qh4 20.b3 Rf5 21.Rad1 Rh5 22.Ng4 Rf8
23.Qf2 Qxf2+ 24.Kxf2 Rf4 25.Kg3 Rhf5 26.Ne5 Rf6 27.Nd3 R4f5 28.Nxb4 Rg5+
29.Kf2 Rfg6 30.Rg1  1-0

[Event "Paris-ch"]
[Site "Paris"]
[Date "1993.??.??"]
[Round "1"]
[White "Dvoirys, Semen I"]
[Black "De Sousa, Jose"]
[Result "1-0"]
[WhiteElo "2565"]
[BlackElo "2275"]

1.e4 e6 2.d4 d5 3.Nd2 Nc6 4.Ngf3 Nf6 5.e5 Nd7 6.Be2 Be7 7.Nf1 O-O 8.Ng3 f6
9.exf6 Nxf6 10.O-O Bd6 11.c4 b6 12.b3 a5 13.a4 dxc4 14.Bxc4 Kh8 15.Qe2 Nd5
16.Ng5 Nf4 17.Bxf4 Bxf4 18.Nxh7 Nxd4 19.Qh5 Bh6 20.Nxf8 Qxf8 21.Rae1 Bd7
22.Ne2 Nc6 23.Rd1 Qe7 24.Nf4 Be8 25.Ng6+ Bxg6 26.Qxg6 Re8 27.Bb5  1-0

[Event "Paris-ch"]
[Site "Paris"]
[Date "1993.??.??"]
[Round "3"]
[White "Vasconcellos, Jose"]
[Black "Naumkin, Igor"]
[Result "0-1"]
[WhiteElo "2265"]
[BlackElo "2460"]

1.e4 e6 2.d4 d5 3.Nd2 Nc6 4.Ngf3 Nf6 5.e5 Nd7 6.Bb5 a5 7.O-O Be7 8.c4 Na7
9.Ba4 dxc4 10.Bc2 b5 11.a4 c6 12.Ne4 h6 13.Re1 Nb6 14.b3 cxb3 15.Bxb3 bxa4
16.Bxa4 Nb5 17.Bd2 Nxa4 18.Rxa4 Bb7 19.Qb3 Qd5 20.Qxd5 cxd5 21.Nc3 Na3 22.Rxa3 Bxa3
23.Nb5 Be7 24.Nc7+ Kd7 25.Nxa8 Rxa8 26.Ra1 a4 27.Kf1 Bc6 28.Ke1 Rb8  0-1

[Event "Paris-ch"]
[Site "Paris"]
[Date "1993.??.??"]
[Round "6"]
[White "Vasconcellos, Jose"]
[Black "Praud, Jean Luc"]
[Result "0-1"]
[WhiteElo "2265"]
[BlackElo "2200"]

1.e4 e6 2.d4 d5 3.Nd2 Be7 4.e5 c5 5.Qg4 Bf8 6.Ndf3 Nc6 7.dxc5 f6 8.Bd3 f5
9.Qg3 Qc7 10.Ne2 Bxc5 11.O-O g6 12.a3 a5 13.c4 d4 14.Bd2 a4 15.Nf4 Qg7 16.Rfe1 Kf8
17.Bc2 Nh6 18.Nd3 Be7 19.Nb4 Na5 20.Nd5 Nxc4 21.Bxh6 Qxh6 22.Nxe7 Kxe7 23.Nxd4 Bd7
24.Qc3 Rhc8 25.Qb4+ Ke8 26.b3 Qd2 27.bxc4 Qxd4 28.Rad1 Qxc4 29.Qd2 Qc7 30.Qh6 Bc6
31.Rd6 Qe7 32.g4 fxg4 33.Bxg6+ hxg6 34.Qxg6+ Kf8 35.Rxe6 Qg7 36.Qf5+ Qf7
37.Rf6 Be8 38.Rxf7+ Bxf7 39.e6  0-1

[Event "RUS-chT"]
[Site "Podolsk"]
[Date "1993.??.??"]
[Round "?"]
[White "Veresagin, Jurij"]
[Black "Gorjatschkin, Wjatscheslaw"]
[Result "1-0"]
[WhiteElo "2345"]
[BlackElo "2440"]

1.e4 e6 2.d4 d5 3.Nd2 Nc6 4.Ngf3 Nh6 5.e5 f6 6.Bb5 Nf7 7.O-O a6 8.Bxc6+ bxc6
9.Nb3 c5 10.exf6 cxd4 11.fxg7 Bxg7 12.Nfxd4 e5 13.Re1 Qd6 14.Qh5 O-O 15.Nf5 Bxf5
16.Qxf5 c5 17.c4 dxc4 18.Na5 Qd5 19.Qc2 Nd6 20.Rd1 Qe6 21.Be3 Rac8 22.Rac1 e4
23.Nxc4 Nf5 24.Re1 Nd4 25.Bxd4 Bxd4 26.Re2 Rf4 27.b3 Rcf8 28.Rf1 Rg4 29.Ne3 Rgf4
30.Qc4 Qxc4 31.Nxc4 R8f7 32.g3 Rf3 33.Nd6 e3 34.Nxf7 exf2+ 35.Kg2 Rxf7 36.Re6 Ra7  1-0

[Event "Policka"]
[Site "Policka"]
[Date "1993.??.??"]
[Round "7"]
[White "Bashkov, Viacheslav"]
[Black "Hausner, Ivan"]
[Result "1/2-1/2"]
[WhiteElo "2430"]
[BlackElo "2465"]

1.e4 e6 2.d4 d5 3.Nd2 Be7 4.Bd3 c5 5.dxc5 Nf6 6.Qe2 Nc6 7.Ngf3 Bxc5 8.O-O O-O
9.e5 Nd7 10.Nb3 Be7 11.c4 dxc4 12.Bxc4 b6 13.Rd1 Bb7 14.Nbd4 Nxd4 15.Nxd4 Bc5
16.Nxe6 fxe6 17.Bxe6+ Kh8 18.Be3 Qe8 19.Bxd7 Qxe5 20.Rd2 Bd6 21.f4 Rxf4 22.Bxf4 Qxf4
23.Rxd6  1/2-1/2

[Event "Porz Citroen-Cup"]
[Site "Porz"]
[Date "1993.??.??"]
[Round "9"]
[White "Watson, William N"]
[Black "Holzke, Frank"]
[Result "1/2-1/2"]
[WhiteElo "2550"]
[BlackElo "2375"]

1.e4 e6 2.d4 d5 3.Nd2 Nc6 4.Ngf3 Nf6 5.e5 Nd7 6.Bb5 a5 7.O-O Na7 8.Bd3 c5
9.c4 cxd4 10.cxd5 Nc5 11.Ne4 Nxd3 12.Qxd3 Qxd5 13.Qxd4 Qxd4 14.Nxd4 Bd7 15.Be3 Nb5
16.Rfd1 Nxd4 17.Rxd4 Bc6 18.Bg5 Be7 19.Bxe7 Kxe7 20.Nd6 f6 21.f4 Rhf8 22.Rc1 Rad8
23.h4 Rg8 24.Rc5 h5 25.Nb5 fxe5 26.Rxe5 g6 27.Kf2 Rxd4 28.Nxd4 Bd5 29.Ne2 Bxa2
30.Rxa5 Bd5 31.g3 Rc8 32.Nc3 Bc6 33.Ke2 Kf6 34.Re5 Bh1 35.Ke3 Rc4 36.Ne4+ Ke7
37.Nc3 Bc6 38.Kd3 Rb4 39.Re2 Kf6 40.Rd2 Kf7 41.Kc2 Kf6 42.Re2 Rd4 43.Re5 Bg2
44.Rb5 Bc6 45.Rc5 Bg2 46.Re5  1/2-1/2

[Event "CRO-Cup"]
[Site "Pula"]
[Date "1993.??.??"]
[Round "7"]
[White "Kutuzovic, Branko"]
[Black "Pandurevic, Miro"]
[Result "1-0"]
[WhiteElo "2360"]
[BlackElo "2230"]

1.e4 e6 2.d4 d5 3.Nd2 Nc6 4.Ngf3 Nf6 5.e5 Nd7 6.Bb5 f6 7.O-O fxe5 8.dxe5 Ndb8
9.c3 Be7 10.Re1 O-O 11.Bd3 Qe8 12.Nd4 Qf7 13.N2f3 Bd7 14.Qc2 Qh5 15.Re3 g6
16.Bd2 Bc5 17.Rae1 Na6 18.a3 Rae8 19.b4 Nxd4 20.Nxd4 Bxd4 21.cxd4 Re7 22.Rg3 Be8
23.b5 Nb8 24.Bb4 Rff7 25.Bxe7 Rxe7 26.Qc5 Rf7 27.Qxa7 Nd7 28.Qxb7 Nb6 29.Qb8 Kf8
30.Qd8 Qh6 31.Ree3 Nc4 32.Bxc4 dxc4 33.Rgf3 Rf5 34.Rxf5+ gxf5 35.Qxc7 Qh5
36.Qc5+ Kf7 37.h3 Qd1+ 38.Kh2 Qc2 39.d5 Qxf2 40.dxe6+ Kxe6 41.Qd6+ Kf7 42.Rf3 Qc2
43.Qf6+ Kg8 44.Rg3+ Bg6 45.e6  1-0

[Event "CRO-Cup"]
[Site "Pula"]
[Date "1993.??.??"]
[Round "8"]
[White "Leventic, Ivan"]
[Black "Kovacevic, Vladimir"]
[Result "1/2-1/2"]
[WhiteElo "2405"]
[BlackElo "2265"]

1.e4 e6 2.d4 d5 3.Nd2 Nc6 4.Ngf3 Nf6 5.e5 Nd7 6.c3 f6 7.Bb5 fxe5 8.dxe5 Be7
9.O-O O-O 10.Re1 Qe8 11.Nf1 Nc5 12.Ng3 a5 13.b3 Bd7 14.Bf1 b6 15.Nd4 Nxd4
16.Qxd4 Bb5 17.Be3 Bxf1 18.Rxf1 Nd7 19.Qg4 Ba3 20.Nh5 Qg6 21.Qxg6 hxg6 22.Nf4 Kf7
23.Nd3 c5 24.f4 b5 25.Rab1 Rfb8 26.Ne1 c4 27.bxc4 bxc4 28.Nc2 Bc5 29.Bd4 a4
30.g4 a3 31.Bxc5 Nxc5 32.Nd4 Rb2 33.f5 gxf5 34.gxf5 exf5 35.Rxf5+ Kg6 36.Rbf1 Re8
37.R1f4 Rxa2 38.Rg4+ Kh7 39.Rf7 Rg8 40.e6 Rb2 41.Nf3 a2 42.Rh4+ Kg6 43.Ne5+ Kg5
44.Nf3+ Kg6 45.Ne5+  1/2-1/2

[Event "Punta del Este"]
[Site "Punta del Este"]
[Date "1993.??.??"]
[Round "6"]
[White "Langier, Daniel"]
[Black "De Dovitiis, Alejo"]
[Result "1-0"]
[WhiteElo "2315"]
[BlackElo "2335"]

1.e4 e6 2.d4 d5 3.Nd2 Nc6 4.Ngf3 Nf6 5.e5 Nd7 6.Be2 f6 7.exf6 Nxf6 8.O-O Bd6
9.c4 O-O 10.c5 Bf4 11.g3 Bh6 12.Nb3 Bxc1 13.Nxc1 Ng4 14.Nd3 Qf6 15.h3 Nh6
16.Nde5 Nf7 17.Ng4 Qe7 18.Re1 e5 19.dxe5 Qxc5 20.Rc1 Qa5 21.Bd3 Be6 22.Qc2 h6
23.a3 Rfe8 24.Bf5 d4 25.Nf6+ gxf6 26.Bxe6 Rxe6 27.Qg6+ Kh8 28.exf6 Rg8 29.Qxf7 Nd8
30.Qd7 Rxf6 31.Rxc7 Nf7 32.Re7 Rxf3 33.Qxd4+ Rg7 34.Rxf7 Qe1+ 35.Kg2 Rxg3+
36.fxg3 Qxg3+ 37.Kf1 Qxh3+ 38.Ke1 Qg3+ 39.Kd1 Qg4+ 40.Qxg4  1-0

[Event "ISD-FRA"]
[Site "Reykjavik"]
[Date "1993.??.??"]
[Round "5"]
[White "Hardarson, Robert"]
[Black "Prie, Eric"]
[Result "0-1"]
[WhiteElo "2335"]
[BlackElo "2470"]

1.e4 e6 2.d4 d5 3.Nd2 Nc6 4.Ngf3 Nf6 5.e5 Nd7 6.Be2 Be7 7.Nf1 O-O 8.Ne3 f6
9.exf6 Nxf6 10.O-O Bd6 11.c4 b6 12.b3 Bb7 13.Bb2 Bf4 14.Ne5 Nxe5 15.dxe5 Ne4
16.Bf3 Qg5 17.Bxe4 dxe4 18.Qd7 Bxe3 19.Qxe6+ Kh8 20.fxe3 Qxe3+ 21.Kh1 Qe2
22.Rf7 e3  0-1

[Event "Silvaplana (Women)"]
[Site "Silvaplana"]
[Date "1993.??.??"]
[Round "?"]
[White "Jahn, Constanze"]
[Black "Grinfeld, Alla B"]
[Result "0-1"]
[WhiteElo "2195"]
[BlackElo "2245"]

1.e4 e6 2.d4 d5 3.Nd2 a6 4.c3 c5 5.Bd3 Nc6 6.Ne2 cxd4 7.cxd4 dxe4 8.Nxe4 Be7
9.O-O Nf6 10.a3 Qd5 11.N4c3 Qd8 12.Bc2 O-O 13.Qd3 Re8 14.Bg5 g6 15.Rfd1 Nd5
16.Bh6 Bf8 17.Qd2 Nxc3 18.bxc3 Na5 19.Bxf8 Rxf8 20.Qh6 Qf6 21.Ng3 Qg7 22.Qg5 f5
23.Qd2 Bd7 24.Qe2 Rac8 25.Qe1 Rfe8 26.f4 Bc6 27.Rd2 Bd5 28.Re2 Qc7 29.Re3 Qxf4
30.Nf1 Nc4 31.Rh3 Nd6 32.Ne3 Rc7 33.Rb1 Be4 34.Rh4 Qg5 35.Rb6 Nc8 36.Rb3 Bxc2
37.Nxc2 Nd6 38.Rh3 Ne4 39.Nb4 Rec8 40.Rd3 a5 41.Na2 Qe7 42.a4 Qd6 43.Qb1 Qd7
44.Kf1 Qxa4 45.Rxb7 Rxb7 46.Qxb7 Qc4 47.Ke1 Nd6 48.Qb1 Qd5 49.Kf1 Ne4 50.Qc2 Qc4
51.Ke2 Rb8 52.Ke3 Rb3 53.Nc1 Rxc3 54.Rxc3 Qxc3+ 55.Qxc3 Nxc3 56.Kd3 Nd5 57.Nb3 a4
58.Nc5 a3 59.Kc4 a2 60.Nb3 Ne3+ 61.Kc3 Nxg2 62.Kb2 Ne1 63.Nd2 a1=Q+  0-1

[Event "FRM-ch"]
[Site "Struga"]
[Date "1993.??.??"]
[Round "5"]
[White "Stamnov, Aleksander"]
[Black "Popov, Venci"]
[Result "1-0"]
[WhiteElo "2270"]
[BlackElo "2310"]

1.e4 e6 2.d4 d5 3.Nd2 Be7 4.Bd3 Nf6 5.e5 Nfd7 6.f4 c5 7.Qg4 O-O 8.Qh3 f5
9.c3 Nc6 10.Ne2 b6 11.g4 g6 12.Rg1 cxd4 13.gxf5 exf5 14.Nxd4 Nxd4 15.cxd4 Kh8
16.Rxg6 Bh4+ 17.Rg3 Nb8 18.Nf3 Bxg3+ 19.hxg3 Nc6 20.Bd2 Qe7 21.Kf2 a5 22.Rh1 Ra7
23.Qh6 Nd8 24.Ng5 Ne6 25.g4 Nxg5 26.fxg5 fxg4+ 27.Ke1 Bf5 28.Rf1 g3 29.Rxf5 Rxf5
30.Bxf5 Qg7 31.Qxg7+ Kxg7 32.e6 b5 33.Bf4 b4 34.Bxg3 a4 35.Be5+ Kg8 36.Bd6 b3
37.axb3 axb3 38.e7 Ra8 39.g6 hxg6 40.Bxg6 Ra1+  1-0

[Event "EU-ch U18 Girls"]
[Site "Svitavy"]
[Date "1993.??.??"]
[Round "3"]
[White "Buervenich, Silvia"]
[Black "Kadimova, Ilaha"]
[Result "1/2-1/2"]
[WhiteElo "2155"]
[BlackElo "2335"]

1.e4 e6 2.d4 d5 3.Nd2 a6 4.Ngf3 c5 5.exd5 exd5 6.Be2 Nc6 7.O-O cxd4 8.Re1 Be7
9.Nb3 Nf6 10.Nbxd4 O-O 11.Bg5 Re8 12.c3 Bd7 13.Qc2 g6 14.Rad1 Rc8 15.Nxc6 Bxc6
16.Nd4 Qc7 17.Bf3 Kg7 18.g3 h6 19.Bf4 Bd6 20.Bxd6 Qxd6 21.Rxe8 Bxe8 22.Qd2 Qc7
23.Ne2 Ba4 24.Re1 Bc6 25.Qd4 Re8 26.Rd1 Qa5 27.a3 Ba4 28.Rd2 Bb5 29.h3 Bc4
30.Kh2 Qb5 31.Nf4 Re1 32.Bxd5 Bxd5 33.Nxd5 Qxd5 34.Qxd5 Nxd5 35.Rxd5 Re2
36.Kg2 Rxb2 37.Rd7 Rc2 38.Rc7 b5 39.Ra7 Rxc3 40.Rxa6  1/2-1/2

[Event "SWE-chT 9394"]
[Site "SWE"]
[Date "1993.??.??"]
[Round "2"]
[White "Brynell, Stellan"]
[Black "Karlsson, Lars"]
[Result "1/2-1/2"]
[WhiteElo "2465"]
[BlackElo "2500"]

1.e4 e6 2.d4 d5 3.Nd2 a6 4.Ngf3 c5 5.exd5 exd5 6.Be2 Nf6 7.O-O Be7 8.dxc5 Bxc5
9.Nb3 Bb6 10.Bf4 O-O 11.Nfd4 Ne4 12.Re1 Nxf2 13.Kxf2 Qf6 14.Kg3 Qg6+ 15.Kf2 Qf6
16.Kg3 Qg6+ 17.Kf2  1/2-1/2